[Event "IX Chess Masters Final 2016"]
[Site "Bilbao"]
[Date "2016.07.13"]
[Round "1"]
[White "Carlsen, Magnus"]
[Black "Nakamura, Hikaru"]
[Result "0-1"]
[WhiteElo "2855"]
[BlackElo "2787"]
[PlyCount "100"]
[EventDate "2016.??.??"]
[EventCountry "ESP"]
[SourceTitle "playchess.com"]
[Source "ChessBase"]

1. e4 c5 2. Ne2 d6 3. Nbc3 a6 4. g3 g6 5. Bg2 Bg7 6. d4 cxd4 7. Nxd4 Nf6 8. O-O
O-O 9. b3 Nc6 10. Nxc6 (10. Bb2 Bg4 11. Nxc6 bxc6 12. Bf3 Nxe4 13. Bxg4 Nxc3
14. Qf3 Nd5 15. Bxg7 Kxg7 16. Bh3 Qc7 17. Rad1 Nf6 18. Bg2 Rac8 19. Rfe1 Rfe8
20. Qc3 e5 21. Qd3 d5 22. Qxa6 Ra8 23. Qd3 Rxa2 24. Qc3 Qb6 25. Ra1 Rxa1 26.
Rxa1 e4 27. Bf1 e3 28. Ra6 exf2+ 29. Kg2 Qe3 30. Qxe3 Rxe3 31. Rxc6 Ne4 32. b4
Re1 33. b5 Rb1 34. b6 Nd2 35. b7 Nxf1 36. b8=Q Ne3+ 37. Kxf2 Ng4+ 38. Kf3 Nxh2+
39. Kg2 Rxb8 40. Kxh2 d4 41. Kg2 Rd8 {0-1 (41) Biyiasas,P-Reshevsky,S Ventura
1971}) (10. Nde2 Bg4 11. Bb2 Rc8 12. h3 Bxe2 13. Nxe2 b5 14. c3 Qd7 15. Qd2
Rfd8 16. Rad1 e6 17. Qe3 Qc7 18. f4 Ne7 19. g4 Nd7 20. f5 Nc6 21. Nf4 Nf8 22.
g5 Be5 23. Nd3 Qa7 24. Qxa7 Nxa7 25. Nxe5 dxe5 26. f6 Nc6 27. Kf2 Rxd1 28. Rxd1
Rd8 29. Rxd8 Nxd8 30. Bf1 Nd7 31. Ba3 Nc6 32. Ke3 h6 33. h4 hxg5 34. hxg5 Nf8
35. Kd3 Nh7 36. Bc1 Kf8 37. Kc2 Ke8 38. b4 Kd7 39. a4 bxa4 40. Bxa6 a3 41. Kb3
{1-0 (41) Brzozka,S-Perkins,N Munich 1958}) 10... bxc6 11. Bb2 Qa5 (11... Nd7
12. Qd2 a5 13. Na4 Bxb2 14. Nxb2 f6 15. Rfe1 Ne5 16. Qc3 Qb6 17. a4 Be6 18. Bf1
Qd4 19. Re3 c5 20. f4 Ng4 21. Qxd4 cxd4 22. Ree1 Ne3 23. Bd3 Rfc8 24. Re2 Rc5
25. Rae1 Rac8 26. Rxe3 dxe3 27. Bc4 Bxc4 28. Nxc4 Rxc4 29. bxc4 Rxc4 30. Rxe3
Rxc2 31. e5 fxe5 32. fxe5 d5 33. Rd3 Rc4 34. Rxd5 Rxa4 35. h4 Kf7 36. Rb5 Ke6
37. Kg2 h5 38. Kf3 Kf5 39. Rc5 e6 40. Rb5 Ra3+ {0-1 (40) Hansen,M (2165)
-Kovchan,A (2571) Copenhagen 2010}) 12. Na4 Bg4 13. Qe1 Qh5 14. f3 Bh3 15. g4
Qh6 16. Rd1 g5 17. Bc1 Bxg2 18. Kxg2 Qg6 19. h4 $6 gxh4 20. Qxh4 d5 21. g5 $6
dxe4 22. f4 e6 $1 23. c4 Rfd8 24. Rde1 Ne8 25. Nc5 Nd6 26. Qf2 f5 27. Bb2 Nf7
28. Bxg7 Kxg7 29. Qg3 Rd6 30. Rd1 Rad8 31. Rxd6 Rxd6 32. Qc3+ Kg8 33. Rf2 Qh5
34. Qh3 Qd1 35. Qe3 e5 $1 36. Qg3 Rg6 37. Kh2 exf4 38. Qxf4 Qh5+ 39. Kg1 Qd1+
40. Kh2 Qh5+ 41. Kg1 Nxg5 42. Qb8+ Kg7 43. Qe5+ Kh6 44. Qf4 Qd1+ 45. Kh2 Qd4
46. b4 Kg7 47. Qc7+ Kh8 48. Qc8+ Rg8 49. Qxf5 Nf3+ 50. Kh3 Qd6 0-1

[Event "IX Chess Masters Final 2016"]
[Site "Bilbao"]
[Date "2016.07.13"]
[Round "1"]
[White "Giri, Anish"]
[Black "Wei, Yi"]
[Result "1/2-1/2"]
[WhiteElo "2782"]
[BlackElo "2694"]
[PlyCount "114"]
[EventDate "2016.??.??"]
[EventCountry "ESP"]
[SourceTitle "playchess.com"]
[Source "ChessBase"]

1. e4 e5 2. Nf3 Nc6 3. Bc4 Bc5 4. O-O Nf6 5. d3 d6 6. c3 a6 7. a4 h6 8. Nbd2
O-O 9. Re1 Ne7 (9... Be6 10. b4 Ba7 11. Bxe6 fxe6 12. Nf1 Nh5 13. Be3 Bxe3 14.
fxe3 Qe8 15. Ra2 Nf6 16. h3 a5 17. b5 Nb8 18. g4 Nbd7 19. Rg2 Nc5 20. h4 Nfd7
21. g5 Nxd3 22. Qxd3 Rxf3 23. gxh6 Rf7 24. Qe2 Nf6 25. Nd2 Kh8 26. hxg7+ Rxg7
27. Rxg7 Kxg7 28. Kh2 Qh5 29. Qxh5 Nxh5 30. b6 Nf6 31. Rg1+ Kh7 32. Rf1 Kg6 33.
Rg1+ Kh6 34. Rf1 Kg6 35. Rg1+ Kh6 {1/2-1/2 (35) Giri,A (2782)-Kramnik,V (2812)
Leuven BEL 2016}) 10. Nf1 Ng6 11. Bb3 (11. Ng3 c6 12. Bb3 Ba7 13. d4 Re8 14. h3
d5 15. Nxe5 Nxe5 16. dxe5 Nxe4 17. Nxe4 dxe4 18. Qxd8 Rxd8 19. g4 h5 20. Rxe4
Be6 21. Bc2 Bd5 22. Rb4 hxg4 23. Rxg4 Be6 24. Rg3 Rd5 25. Bg5 Kf8 26. Re1 Bb8
27. Bf4 Bc7 28. h4 Rad8 29. h5 Bb6 30. h6 gxh6 31. Bxh6+ Ke8 32. Kg2 Kd7 33.
Bb3 Ra5 34. Bc2 Rd5 35. Be4 Ra5 36. Bg5 Re8 37. Bc2 Kc8 38. b4 Rd5 39. Bf6 Rd2
40. Be4 Bxf2 41. Rf1 Be1+ 42. Kf3 Bxg3 43. Kxg3 Rg8+ 44. Kf4 Bd5 45. Bf5+ Kc7
46. a5 Rgg2 47. Re1 Rdf2+ 48. Ke3 Rxf5 {0-1 (48) Topalov,V (2761)-Fressinet,L 
(2687) Paris FRA 2016}) 11... c6 12. h3 d5 13. exd5 Nxd5 14. Nxe5 Bxf2+ 15.
Kxf2 Nxe5 16. d4 Ng6 17. Kg1 Qh4 18. Bd2 Bd7 19. Qf3 Rae8 20. Ng3 Re6 21. Nh5
Rfe8 22. Rf1 Qe7 23. Qg3 Re2 24. Rae1 Rxe1 25. Rxe1 Qh4 26. Rxe8+ Bxe8 27. Qxh4
Nxh4 28. c4 Ne7 29. Kf2 Nhf5 30. d5 Nd4 31. Ba2 cxd5 32. cxd5 Bxa4 33. Bc3 Bb3
34. d6 Nec6 35. Bxd4 Bxa2 36. Bxg7 Kh7 37. Bc3 Be6 38. Nf6+ Kg6 39. d7 a5 40.
g4 b5 41. h4 b4 42. Be5 a4 43. h5+ Kg7 44. Ne4+ Kh7 45. Bd6 f5 46. Nc5 a3 47.
bxa3 b3 48. Be5 Bxd7 49. Bc3 (49. Nxd7 $4 Nxe5 50. Nxe5 b2 $19) 49... Bc8 50.
Nxb3 fxg4 51. Kg3 Ne7 52. Nc5 Nf5+ 53. Kxg4 Nd4+ 54. Kh4 Nf5+ 55. Kh3 Ng7+ 56.
Kh4 Nf5+ 57. Kh3 Ng7+ 1/2-1/2

[Event "IX Chess Masters Final 2016"]
[Site "Bilbao"]
[Date "2016.07.13"]
[Round "1"]
[White "Karjakin, Sergey"]
[Black "So, Wesley"]
[Result "1/2-1/2"]
[WhiteElo "2774"]
[BlackElo "2770"]
[PlyCount "92"]
[EventCountry "ESP"]
[SourceTitle "playchess.com"]
[Source "ChessBase"]

1. e4 e5 2. Nf3 Nc6 3. Bb5 Nf6 4. d3 Bc5 5. c3 O-O 6. O-O d6 7. h3 Ne7 8. d4
Bb6 9. Bd3 Ng6 10. Re1 Re8 11. Nbd2 c6 12. Nf1 d5 13. Bg5 dxe4 14. Rxe4 h6 (
14... Bf5 15. Re1 Bxd3 16. Qxd3 h6 17. Bxf6 Qxf6 18. Ng3 Nf4 19. Qf5 Qxf5 20.
Nxf5 exd4 21. N3xd4 Nd3 22. Rxe8+ Rxe8 23. b4 Rd8 24. Rd1 Nf4 25. Re1 Kf8 26.
a3 h5 27. a4 Nd5 28. Ne2 g6 29. Nfg3 Re8 30. a5 Bc7 31. Kf1 h4 32. Nh1 Re4 33.
g3 a6 34. gxh4 Rxh4 35. Nhg3 Be5 36. Rc1 Rxh3 37. Kg2 Rh4 38. Kf3 f5 39. Nf1
Rh3+ 40. Nfg3 Ke7 41. Re1 Kf6 42. Rd1 Rh4 43. Nf1 Nxc3 44. Nxc3 Bxc3 45. Rd6+
Ke5 {0-1 (45) Efimenko,Z (2706)-Ponomariov,R (2764) Khanty Mansiysk 2011}) 15.
Bxf6 Qxf6 16. Re3 Bf5 17. Bxf5 Qxf5 18. Ng3 Qd7 19. Nxe5 Nxe5 20. Rxe5 Rxe5 21.
dxe5 Qe7 22. Qh5 g6 23. Qe2 Qg5 24. Kf1 Kf8 25. Re1 Re8 26. Qd3 Rxe5 27. Qd6+
Re7 28. Ne4 Qf5 29. Re2 Bc7 30. Qd4 Qe5 31. Qxa7 Qh2 32. Ng3 Bxg3 33. Rxe7 Qh1+
34. Ke2 Kxe7 35. Qe3+ Kf6 36. Qxg3 Qb1 37. Qf4+ Kg7 38. Qd4+ Kg8 39. Qb4 Qxa2
40. Qxb7 Qc4+ 41. Ke3 Qc5+ 42. Kf3 Qd5+ 43. Kg3 Qg5+ 44. Kh2 Qf4+ 45. Kg1 Qc1+
46. Kh2 Qf4+ 1/2-1/2

[Event "IX Chess Masters Final 2016"]
[Site "Bilbao"]
[Date "2016.07.14"]
[Round "2"]
[White "So, Wesley"]
[Black "Nakamura, Hikaru"]
[Result "1/2-1/2"]
[WhiteElo "2770"]
[BlackElo "2787"]
[PlyCount "91"]
[EventCountry "ESP"]

1. d4 Nf6 2. c4 e6 3. Nc3 Bb4 4. Qc2 O-O 5. a3 Bxc3+ 6. Qxc3 d5 7. Nf3 dxc4 8.
Qxc4 b6 9. Bg5 Ba6 10. Qa4 Qd7 11. Qc2 c5 12. dxc5 Rc8 13. Bxf6 gxf6 14. Rd1
Qe7 15. Qe4 $5 (15. g3 Qxc5 16. Qe4 Nc6 17. Bg2 Rd8 18. O-O Qc4 19. Qxc4 Bxc4
20. Nd2 Bxe2 21. Bxc6 Bxd1 22. Rxd1 Rac8 {0-1 (62) Ivanchuk,V (2731)-Leko,P 
(2730) Beijing 2013}) (15. e3 Rxc5 16. Qe4 Bb7 17. Qh4 Nd7 18. b4 Rc3 19. Qd4
Rc7 20. Be2 Rac8 21. O-O Nf8 22. Qa1 Bxf3 23. Bxf3 Rc3 24. Rc1 Qc7 25. Rxc3
Qxc3 {0-1 (51) Urkedal,F (2549)-Andreikin,D (2736) Stockholm SWE 2016}) 15...
Qxc5 16. e3 (16. Qxa8 $6 Nc6 17. Qxc8+ Bxc8) 16... Bxf1 17. Kxf1 Nc6 18. g3 Ne5
19. Kg2 Qc6 20. Qxc6 Rxc6 21. Nxe5 fxe5 22. Rd2 Rac8 23. Rhd1 Rc2 24. Kf3 Kg7
25. e4 a5 26. Ke3 R2c5 27. Rb1 a4 28. b3 axb3 29. Rxb3 Ra5 30. Rdd3 b5 31. Kd2
Rc4 32. f3 Rca4 33. Rdc3 Rd4+ 34. Ke3 Rxa3 35. Rxa3 b4 36. f4 bxa3 37. Rxa3 Rb4
38. fxe5 Rb5 39. Kf4 Rb2 40. h4 h6 41. g4 Rh2 42. h5 Rh1 43. Rf3 Rg1 44. Rf2
Rh1 45. Rf3 Rg1 46. Rf2 1/2-1/2

[Event "IX Chess Masters Final 2016"]
[Site "Bilbao"]
[Date "2016.07.14"]
[Round "2"]
[White "Karjakin, Sergey"]
[Black "Giri, Anish"]
[Result "1/2-1/2"]
[WhiteElo "2773"]
[BlackElo "2785"]
[PlyCount "165"]
[EventCountry "ESP"]

1. e4 e5 2. Nf3 Nc6 3. Bc4 Bc5 4. O-O Nf6 5. d3 O-O 6. c3 d5 7. exd5 Nxd5 8. a4
a6 9. a5 b5 (9... Nf6 10. Nbd2 h6 11. Qe2 Re8 12. Ne4 Bf8 13. Bb3 Be6 14. Ba4
Nd7 15. b4 f5 16. Ned2 g5 17. Bb2 Bg7 18. Nc4 Bxc4 19. dxc4 g4 20. Rad1 gxf3
21. Qxf3 Rf8 {0-1 (53) Ivanchuk,V (2753)-Vallejo Pons,F (2700) Havana CUB 2014}
) (9... Bg4 10. Nbd2 Nf6 11. Re1 Bd6 12. Qb3 Rb8 13. Ng5 Bh5 14. Nf1 h6 15. Ne4
Bg6 16. Nfg3 Kh8 17. Qa4 Nd7 18. b4 f5 19. Nxd6 cxd6 20. f4 {1-0 (62)
Ponomariov,R (2706)-Ismagambetov,A (2542) Almaty KAZ 2016}) 10. axb6 Nxb6 11.
Bb3 Bg4 $5 (11... Bf5 12. Bc2 Qd7 13. Qe2 Rfe8 14. Nbd2 a5 15. Ne4 Bf8 16. Ng3
Be6 17. Ng5 Bd5 18. Qh5 {1-0 (56) Piorun,K (2591)-Lampert,J (2469) Dresden GER
2016}) 12. Qe2 Kh8 13. Be3 Bd6 14. h3 Bh5 15. g4 Bg6 16. Nbd2 Be7 17. Ne4 f5
18. gxf5 Bxf5 19. Kh2 Qe8 20. Nfd2 Qd7 21. Rg1 Bxh3 22. Qh5 Bf5 23. Rxg7 Kxg7
24. Rg1+ Kh8 25. Qh6 Bd6 26. Bxb6 Bxe4 27. Nxe4 cxb6 28. Rg6 Na5 29. Rxd6 Qg7
30. Qxg7+ Kxg7 31. Rd7+ Kh8 32. Be6 h6 33. b4 Nc6 34. Bd5 Rac8 35. Rb7 b5 36.
Kh3 Rf4 37. Kg2 Rg4+ 38. Kf1 Rg7 39. Rb6 Ne7 40. Rxh6+ Rh7 41. Rd6 Nxd5 42.
Rxd5 Re7 43. Rd6 Ra8 44. Kg2 Rf7 45. Kf1 Re7 46. Ke2 a5 47. bxa5 Rxa5 48. Rb6
Rc7 49. Ke3 Kg8 50. Re6 b4 51. cxb4 Rb5 52. Nc5 Ra7 53. Rxe5 Rxb4 54. Ne4 Kf7
55. f4 Ra1 56. f5 Re1+ 57. Kd2 Rf1 58. Nd6+ Kf8 59. Re8+ Kg7 60. Re6 Rbf4 61.
f6+ Kg6 62. f7+ Kg7 63. Re8 Rf6 64. Rg8+ Kh7 65. Rd8 Kg7 66. Ke2 R6f2+ 67. Ke3
Rxf7 68. Nxf7 Kxf7 69. Rd4 Ke6 70. Rf4 Rxf4 71. Kxf4 Kd5 72. Ke3 Ke5 73. d4+
Kd5 74. Kd3 Kd6 75. Kc4 Kc6 76. d5+ Kd6 77. Kd4 Kd7 78. Ke5 Ke7 79. d6+ Kd7 80.
Kd5 Kd8 81. Ke6 Ke8 82. d7+ Kd8 83. Kd6 1/2-1/2

[Event "IX Chess Masters Final 2016"]
[Site "Bilbao"]
[Date "2016.07.14"]
[Round "2"]
[White "Wei, Yi"]
[Black "Carlsen, Magnus"]
[Result "0-1"]
[WhiteElo "2696"]
[BlackElo "2855"]
[PlyCount "132"]
[EventCountry "ESP"]

1. d4 g6 2. e4 Bg7 3. Nc3 d6 4. Be3 a6 5. f4 b5 6. Nf3 Nd7 7. e5 Bb7 8. Bd3 c5
9. Be4 Bxe4 10. Nxe4 Nh6 11. dxc5 dxe5 (11... Ng4 12. Bg1 dxe5 13. h3 Nh6 14.
c6 Nf6 15. Qxd8+ Rxd8 16. c7 Rc8 17. Nxf6+ exf6 18. Bb6 Kd7 19. O-O-O+ Kc6 20.
Ba5 Nf5 21. Rd8 (21. fxe5 fxe5 22. Rd8 e4 23. Nd2 Nd6 24. Rd1 e3 25. Rxd6+ Kxd6
26. Ne4+ Ke5 {0-1 (66) Krivec,J (2343)-Drummond,M (2236) Queenstown 2009})
21... Bh6 22. Rhd1 Bxf4+ 23. Kb1 e4 24. Nd4+ Nxd4 25. R1xd4 Bxc7 26. Bxc7 Kxc7
27. R8d7+ Kb6 {0-1 (60) Smeets,J (2662)-Vachier Lagrave,M (2715) Wijk aan Zee
2011}) 12. c6 Nf6 13. Qxd8+ Rxd8 14. Nxf6+ exf6 15. c7 Rc8 16. Bb6 Kd7 17. Ba5
Nf5 18. O-O-O+ Kc6 19. Rd8 Nd6 20. fxe5 fxe5 21. Rd1 Nc4 22. Bc3 Rxc7 23. b3
Ne3 24. Ng1 Bf8 25. Nf3 Bg7 26. Rh1 Nf5 27. Ba5 Nd6 28. Rd1 Nc4 29. Bc3 Ne3 30.
Bxe5 Nxd1 31. Rd6+ Kb7 32. Bxg7 Rg8 33. Bd4 Nc3 34. Rb6+ Kc8 35. Be5 Rd8 36.
Kb2 Nd5 37. Bxc7 Kxc7 38. Rxa6 Kb7 39. Ra3 Ne3 40. c4 bxc4 41. Ne5 Rd2+ 42. Kc3
Rc2+ 43. Kd4 Nf5+ 44. Kd5 c3 45. Kc5 Nd6 46. Nc6 Ne4+ 47. Kb5 Kc7 48. Ra7+ Kd6
49. Ra4 f5 50. Kb6 Rxg2 51. Rd4+ Ke6 52. a4 Ra2 53. a5 Rb2 54. Kc7 $6 (54. b4
$5) 54... Nc5 $1 55. Rc4 Na6+ 56. Kb7 Rxb3+ 57. Kxa6 Kd5 58. Rb4 c2 59. Ne7+
Kc5 60. Rxb3 c1=Q 61. Rb6 Qc4+ 62. Kb7 Qe4+ 63. Nc6 Qd5 64. Kc7 Qd6+ 65. Kb7
Qd7+ 66. Kb8 f4 0-1

[Event "IX Chess Masters Final 2016"]
[Site "Bilbao"]
[Date "2016.07.15"]
[Round "3"]
[White "Nakamura, Hikaru"]
[Black "Wei, Yi"]
[Result "1/2-1/2"]
[WhiteElo "2787"]
[BlackElo "2696"]
[PlyCount "69"]
[EventCountry "ESP"]
[TimeControl "40/5400:3600+10"]

1. Nf3 d5 2. d4 Nf6 3. c4 e6 4. Nc3 c5 5. cxd5 Nxd5 6. e4 Nxc3 7. bxc3 cxd4 8.
cxd4 Bb4+ 9. Bd2 Bxd2+ 10. Qxd2 O-O 11. Bc4 Nd7 12. O-O b6 13. Rfe1 Bb7 14. a4
Rc8 15. Bd3 a5 16. Bb5 h6 17. Qb2 Bc6 18. Rad1 Bxb5 19. Qxb5 Qc7 20. d5 exd5
21. exd5 Qd6 22. Nd4 Rc5 23. Qf1 Rxd5 24. Nf5 Rxd1 25. Nxd6 Rxd6 26. Rd1 Rxd1
27. Qxd1 Nc5 28. h4 Re8 29. h5 Re6 30. f4 Kh7 31. Qd5 Rf6 32. Qe5 Re6 33. Qd5
Rf6 34. Qe5 Re6 35. Qd5 1/2-1/2

[Event "IX Chess Masters Final 2016"]
[Site "Bilbao"]
[Date "2016.07.15"]
[Round "3"]
[White "Carlsen, Magnus"]
[Black "Karjakin, Sergey"]
[Result "1-0"]
[WhiteElo "2855"]
[BlackElo "2773"]
[PlyCount "79"]
[EventDate "2016.??.??"]
[EventCountry "ESP"]

1. e4 c5 2. Nf3 d6 3. c3 Nf6 4. Be2 g6 5. O-O Bg7 6. Bb5+ Nc6 7. d4 Qb6 8. Ba4
(8. Na3 cxd4 9. cxd4 d5 10. exd5 Nxd5 11. Qb3 Be6 12. Nc4 Qc7 13. Ng5 O-O 14.
Nxe6 fxe6 15. Bxc6 Qxc6 16. Be3 Nf4 17. Bxf4 Rxf4 18. Ne5 Qd5 19. Qxd5 exd5 20.
Rfd1 Rc8 21. g3 Re4 22. Rac1 Rxc1 23. Rxc1 Bf6 24. Rc8+ Kg7 25. Nf3 g5 26. Rc7
g4 27. Nh4 Kf7 28. Rxb7 Bxd4 29. Nf5 Re1+ 30. Kg2 Bb6 31. Nh6+ Ke6 32. a4 d4
33. a5 d3 {0-1 (33) Rasik,V (2516)-Zhigalko,A (2601) Czechia 2013}) 8... cxd4
9. cxd4 O-O 10. d5 Nb8 (10... Na5 11. Nc3 Bg4 12. h3 Bxf3 13. Qxf3 Rac8 14. Qe2
Nc4 15. Bb5 Qc5 16. b3 Na3 17. Bd3 Qxc3 18. Bxa3 Nh5 19. g3 Qa5 20. Bb2 Bxb2
21. Qxb2 Rc7 22. Rac1 Rfc8 23. Rxc7 Rxc7 24. Rd1 Qc5 25. Rd2 Qb6 26. Kg2 Nf6
27. Rc2 h5 28. Rxc7 Qxc7 29. Qc2 Qa5 30. Be2 Kg7 31. Qb2 Kh7 32. b4 Qc7 33. Bd3
Nd7 34. Qc2 Qb6 {1/2-1/2 (34) Palit,S (2421)-Gopal,G (2558) Kolkata IND 2014})
11. Nc3 Bg4 12. h3 Bxf3 13. Qxf3 Nbd7 14. Rb1 Rfc8 15. Bc2 Ne5 16. Qe2 Nfd7 17.
Bg5 h6 18. Bh4 g5 19. Bg3 Qa6 20. Qd1 Rc4 21. Kh1 Rac8 22. f4 gxf4 23. Bxf4 Qb6
24. Qh5 Nf6 25. Qf5 Qd8 26. Bb3 Rd4 27. Bxe5 dxe5 28. Rbd1 Qd7 29. Qf3 Rb4 30.
Rd2 Rf8 31. g4 a5 32. Rg2 Nh7 33. h4 Rb6 34. g5 Kh8 35. Rfg1 f5 36. Qh3 Rb4 37.
gxh6 Bxh6 38. Qg3 Nf6 39. Qg6 Ng4 40. Rxg4 1-0

[Event "IX Chess Masters Final 2016"]
[Site "Bilbao"]
[Date "2016.07.15"]
[Round "3"]
[White "Giri, Anish"]
[Black "So, Wesley"]
[Result "1/2-1/2"]
[WhiteElo "2785"]
[BlackElo "2770"]
[PlyCount "111"]
[EventDate "2016.??.??"]
[EventCountry "ESP"]

1. e4 e5 2. Nf3 Nc6 3. Bc4 Bc5 4. O-O Nf6 5. d3 O-O 6. Re1 a6 7. a4 Ng4 8. Rf1
h6 9. c3 d6 10. Nbd2 Ba7 11. h3 Nf6 12. Re1 Nh5 (12... Re8 13. b4 Be6 14. Bxe6
Rxe6 15. Qc2 Qd7 16. Nf1 Ree8 17. Be3 Bxe3 18. Nxe3 Nd8 19. Nc4 Ne6 20. a5 Rad8
21. Rad1 Nf4 22. Kh2 Qc6 23. Qb3 Ng6 24. Kg1 d5 25. exd5 Qxd5 26. d4 exd4 27.
Rxd4 Qf5 28. Nce5 Nxe5 29. Rxe5 Qc8 30. b5 Rd6 31. Qc4 axb5 32. Rxb5 Rxd4 33.
cxd4 Ne4 34. Re5 {1/2-1/2 (32) Van Foreest,J (2551)-Tkachiev,V (2660)
Stockholm SWE 2016}) (12... Ne7 13. Nf1 Ng6 14. Ba2 Re8 15. Ng3 Be6 16. Bxe6
Rxe6 17. d4 Qd7 18. Be3 Ree8 19. dxe5 dxe5 20. Bxa7 Rxa7 21. Qxd7 Nxd7 22. Rad1
Nc5 23. a5 Raa8 24. b4 Na4 25. Ne2 Rad8 26. Kf1 f6 27. g3 Ne7 28. Rd2 Rxd2 29.
Nxd2 Rd8 30. Nc4 Rd3 31. Rc1 Nc8 32. Ke1 b5 33. axb6 cxb6 34. Rd1 Rxd1+ 35.
Kxd1 Kf7 36. Kc2 Ke6 37. Ne3 Nd6 38. f3 b5 39. Nc1 Nc4 40. Nf5 Kf7 41. g4 Nab6
42. Nb3 Nd7 43. Kd3 Nb2+ 44. Kc2 Nc4 45. Kd3 Nb2+ 46. Kc2 Nc4 {1/2-1/2 (44)
Giri,A (2782)-Caruana,F (2804) Leuven BEL 2016}) 13. Nf1 Qf6 14. Ne3 Nf4 15.
Ng4 Qg6 16. Bxf4 exf4 17. d4 Bxg4 18. hxg4 Qxg4 19. Qd3 Ne7 20. Re2 Rad8 21. b4
Bb8 22. b5 axb5 23. axb5 c6 24. Rb1 d5 25. Ba2 dxe4 26. Rxe4 Bd6 27. bxc6 bxc6
28. Rxe7 $5 Bxe7 29. Ne5 Qg5 30. Qc4 Qf6 31. Rb7 c5 32. Nd7 Rxd7 33. Rxd7 cxd4
34. Rxd4 Rd8 35. Rxd8+ Bxd8 36. Qe4 Be7 37. Qd4 Qxd4 38. cxd4 Bf6 39. d5 Be7
40. f3 Bc5+ 41. Kf1 Kf8 42. Bc4 Ke7 43. Bb5 Kd6 44. Be8 f6 45. Bf7 Ke5 46. Be6
f5 47. Bd7 Kf6 48. Ke2 g6 49. Be8 g5 50. Bd7 Bb6 51. Kf1 Ba7 52. Ke2 Bc5 53.
Kf1 h5 54. Be8 h4 55. Bd7 Ke5 56. Ke2 1/2-1/2

[Event "IX Chess Masters Final 2016"]
[Site "Bilbao"]
[Date "2016.07.16"]
[Round "4"]
[White "Wei, Yi"]
[Black "Karjakin, Sergey"]
[Result "1/2-1/2"]
[WhiteElo "2694"]
[BlackElo "2774"]
[PlyCount "45"]
[EventCountry "ESP"]
[SourceTitle "playchess.com"]
[Source "ChessBase"]

1. d4 Nf6 2. c4 e6 3. g3 Bb4+ 4. Nd2 c5 5. a3 Bxd2+ 6. Qxd2 cxd4 7. Nf3 b6 8.
Bg2 Bb7 9. O-O Bxf3 10. exf3 Nc6 11. f4 O-O 12. b4 Rc8 13. Bb2 d6 14. Bxc6 (14.
Bxd4 Nxd4 15. Qxd4 Qc7 16. Rfc1 Rfd8 17. Qe3 Qd7 18. Qd4 Qc7 19. Qe3 Qd7 20.
Qd4 {1/2-1/2 (20) Volkov,S (2615)-Tomashevsky,E (2707) Taganrog 2011}) 14...
Rxc6 15. Qxd4 Qc7 16. Rfc1 Rc8 17. b5 Rc5 18. a4 Ne8 19. Qe3 Qb7 20. Qd3 Qc7
21. Qe3 Qb7 22. Qd3 Qc7 23. Qe3 1/2-1/2

[Event "IX Chess Masters Final 2016"]
[Site "Bilbao"]
[Date "2016.07.16"]
[Round "4"]
[White "Carlsen, Magnus"]
[Black "So, Wesley"]
[Result "1-0"]
[WhiteElo "2855"]
[BlackElo "2770"]
[PlyCount "51"]
[EventDate "2016.??.??"]
[EventCountry "ESP"]
[SourceTitle "playchess.com"]
[Source "ChessBase"]

1. e4 e5 2. Nf3 Nc6 3. Bb5 Nf6 4. d3 Bc5 5. Bxc6 dxc6 6. Qe2 Qe7 (6... Bd6 7.
Nc3 c5 8. g3 Nd7 9. Nd5 Nb8 10. c3 Nc6 11. Bd2 Be7 12. b4 cxb4 13. cxb4 Bg4 14.
Bc3 Bxb4 15. Bxb4 Nxb4 16. Nxb4 Qf6 17. Qb2 Qxf3 18. Qxe5+ Be6 19. O-O O-O 20.
Nd5 Bh3 21. Nf4 Bxf1 22. Rxf1 c6 23. h3 Rfe8 24. Qc5 h6 25. Qc2 g5 26. Ng2 Rad8
27. Ne3 Qf6 28. Kg2 Qd4 29. Rd1 Re5 30. Qe2 Ra5 31. h4 gxh4 32. Qg4+ Qg7 33.
Qxh4 Qg5 34. Qh3 Rxa2 35. Nf5 h5 36. d4 Kf8 37. Rh1 Qd2 38. Rf1 Qg5 39. Rh1 Ke8
40. Qxh5 Qxh5 41. Rxh5 a5 42. Rh8+ Kd7 43. Rh7 Rf8 44. g4 Re2 45. Kf3 Re1 46.
g5 Rg1 {0-1 (46) Topalov,V (2793)-Bacrot,E (2725) Thessaloniki 2013}) (6... Bg4
7. Nbd2 Nd7 8. h3 Bxf3 9. Nxf3 Qe7 10. c3 O-O 11. O-O Rfe8 12. Re1 Rad8 13. Bd2
Nf8 14. Rad1 Bb6 15. Be3 c5 16. a3 Rd7 17. b4 f6 18. Qc2 Ne6 19. Qb3 Qf7 20.
Qc4 Red8 21. Rd2 cxb4 22. axb4 h6 23. Kf1 c6 24. Red1 Bxe3 25. fxe3 Re8 26. Kg1
{1/2-1/2 (26) Radjabov,T (2700)-Topalov,V (2801) Morella Linares 2006}) 7. Nbd2
Bg4 8. h3 Bh5 9. a3 (9. Nc4 Nd7 10. g4 Bg6 11. Be3 O-O-O 12. O-O-O Rhe8 13.
Bxc5 Qxc5 14. Qe3 f6 15. Qxc5 Nxc5 16. a3 Ne6 17. Nh4 Bf7 18. Nf5 h5 19. f3 Rh8
20. Nce3 Rh7 21. h4 Rdh8 22. g5 fxg5 23. Nc4 g6 24. Nfe3 gxh4 25. Nxe5 g5 26.
Rdg1 Be8 27. d4 Rf8 28. c3 b6 29. Kd2 Rh6 30. d5 cxd5 31. exd5 Nf4 32. Rxg5 h3
33. c4 Rhf6 34. Rh2 a5 35. b4 axb4 36. axb4 b5 37. cxb5 Bxb5 38. N3c4 Ra6 39.
Kc3 Ra1 40. d6 Bxc4 41. Nxc4 Rc1+ 42. Kb3 Ne6 43. d7+ Kd8 {0-1 (43) Mendoza,R 
(2390) -Bruzon Batista,L (2620) Santo Domingo 2007}) 9... Nd7 10. b4 Bd6 11.
Nc4 f6 12. Ne3 a5 13. Nf5 Qf8 14. bxa5 Rxa5 15. O-O Qf7 16. a4 Nc5 17. Qe1 b6
18. Nd2 Rxa4 19. Nc4 Bf8 20. Be3 Kd7 21. Qc3 Nxe4 (21... -- 22. Nxb6+ cxb6 23.
Bxc5 Bxc5) (21... -- 22. Bxc5 Rxc4 23. Qxc4 Bxc5) 22. Nxb6+ cxb6 23. dxe4 Qc4 (
23... Rxa1 24. Rxa1) 24. Qd2+ Kc7 25. g4 Bg6 26. Rfd1 (26. Rfd1 Bc5 27. Qd7+
Kb8 28. Bxc5 Bxf5 29. exf5 bxc5 30. Qxc6) 1-0

[Event "IX Chess Masters Final 2016"]
[Site "Bilbao"]
[Date "2016.07.16"]
[Round "4"]
[White "Nakamura, Hikaru"]
[Black "Giri, Anish"]
[Result "1/2-1/2"]
[WhiteElo "2787"]
[BlackElo "2782"]
[PlyCount "94"]
[EventDate "2016.??.??"]
[EventCountry "ESP"]
[SourceTitle "playchess.com"]
[Source "ChessBase"]

1. Nf3 d5 2. d4 Nf6 3. c4 e6 4. Nc3 c6 5. e3 Nbd7 6. Qc2 Bd6 7. Be2 O-O 8. O-O
dxc4 9. Bxc4 b5 10. Be2 Bb7 11. a3 a5 12. e4 e5 13. Rd1 Qc7 14. g3 Rfe8 15.
dxe5 Nxe5 16. Bg5 Nxf3+ (16... Neg4 17. Nd4 Ne5 18. Bc1 Neg4 19. Bg5 Ne5 20.
Bc1 Neg4 21. Bg5 {1/2-1/2 (21) Grigoryan,K (2536)-Li,D (2426) Barbera del
Valles ESP 2016}) 17. Bxf3 Be5 18. Bxf6 gxf6 19. Bg4 Rad8 20. Bf5 Bc8 21. Bxc8
Qxc8 22. Ne2 a4 23. f4 Bb8 24. Kg2 Ba7 25. h3 h5 26. f5 Qc7 27. h4 Qe5 28. Kf3
Rd5 29. Nf4 Rc5 30. Qe2 Rc4 31. Re1 Rd4 32. Nxh5 Red8 33. Rad1 Rxd1 34. Rxd1
Rxd1 35. Qxd1 Bd4 36. Qc1 Kh7 37. Qxc6 Bxb2 38. Qb7 Qc3+ 39. Kg2 Qc4 40. Nf4
Be5 41. Ne6 Kh6 42. Qa8 Qe2+ 43. Kh3 Qf1+ 44. Kg4 Qd1+ 45. Kh3 Qh1+ 46. Kg4
Qd1+ 47. Kh3 Qh1+ 1/2-1/2

[Event "IX Chess Masters Final 2016"]
[Site "Bilbao"]
[Date "2016.07.17"]
[Round "5"]
[White "Karjakin, Sergey"]
[Black "Nakamura, Hikaru"]
[Result "1/2-1/2"]
[WhiteElo "2774"]
[BlackElo "2787"]
[PlyCount "36"]
[EventDate "2016.??.??"]
[EventCountry "ESP"]
[SourceTitle "playchess.com"]
[Source "ChessBase"]

1. c4 Nf6 2. Nc3 e6 3. Nf3 d5 4. d4 Be7 5. Bf4 O-O 6. e3 c5 7. dxc5 Bxc5 8. Qc2
Nc6 9. a3 Qa5 10. Rd1 Re8 11. Nd2 e5 12. Bg5 Nd4 13. Qa4 (13. Qb1 Bf5 14. Bd3
e4 15. Bc2 Nxc2+ 16. Qxc2 Qa6 17. Bxf6 Qxf6 18. Nb3 Bd6 19. Rxd5 Re5 20. Nd4
Rc8 21. Rxe5 Qxe5 22. Nxf5 Qxf5 23. O-O Rxc4 {1-0 (60) Kortschnoj,V (2665)
-Karpov,A (2725) Baguio City 1978}) 13... Qxa4 14. Nxa4 Nc2+ 15. Ke2 Nd4+ 16.
Ke1 (16. exd4 $2 exd4+ 17. Kf3 (17. Kd3 Bf5+ 18. Ne4 dxe4+ 19. Kd2 Be7 $19)
17... Bg4+ 18. Kg3 Bd6+ $19) 16... Nc2+ 17. Ke2 Nd4+ 18. Ke1 Nc2+ 1/2-1/2